[Event "2015 Alberta Open"]
[Site "Edmonton"]
[Date "2015.10.11"]
[Round "3.11"]
[White "Mo, Michelle"]
[Black "Seehagen, Terry"]
[Result "1/2-1/2"]
[WhiteElo "1571"]
[BlackElo "1694"]
[PlyCount "66"]
[EventDate "2015.10.10"]
[EventType "swiss"]
[EventRounds "6"]
[EventCountry "CAN"]

1. e4 d5 2. exd5 Nf6 3. Nc3 Nxd5 4. Nxd5 Qxd5 5. Nf3 g6 6. c3 Bg7 7. Be2 O-O 8.
O-O e5 9. d3 Nd7 10. Be3 a5 11. Qd2 Nf6 12. Bh6 b6 13. c4 Qd6 14. Bxg7 Kxg7 15.
Rfe1 Bb7 16. Nh4 Rad8 17. Qg5 Qe6 18. Rad1 e4 19. Qg3 Qc8 20. h3 Rfe8 21. b3
exd3 22. Bxd3 Nh5 23. Nf5+ Kh8 24. Rxe8+ Rxe8 25. Qg5 Re5 26. Qh4 Rxf5 27. Bxf5
Qxf5 28. Qd4+ Qf6 29. Qe3 Nf4 30. Qe8+ Kg7 31. Rd8 Kh6 32. Rd2 Nxh3+ 33. Kf1
Qa1+ 1/2-1/2

[Event "2015 Alberta Open"]
[Site "Edmonton"]
[Date "2015.10.11"]
[Round "4.1"]
[White "Haessel, Dale"]
[Black "Zeggelaar, Mike"]
[Result "1/2-1/2"]
[WhiteElo "2280"]
[BlackElo "1977"]
[PlyCount "64"]
[EventDate "2015.10.10"]
[EventType "swiss"]
[EventRounds "6"]
[EventCountry "CAN"]

1. d4 Nf6 2. c4 c5 3. d5 e6 4. Nc3 exd5 5. cxd5 d6 6. Nf3 a6 7. a4 g6 8. Bf4
Nh5 9. Bg5 Be7 10. Bh6 Bf6 11. e4 Bg4 12. h3 Bxf3 13. Qxf3 Nd7 14. g4 Ng7 15.
Be2 O-O 16. Bf4 Ne5 17. Qg2 g5 18. Bc1 Ng6 19. Nd1 b5 20. O-O b4 21. Re1 Be5
22. Ne3 Nh4 23. Qf1 Qf6 24. Nc4 Bd4 25. Rb1 Rfe8 26. Bd1 b3 27. Nd2 Qf4 28.
Nxb3 Qg3+ 29. Kh1 Bxf2 30. Re2 Qf3+ 31. Kh2 Qg3+ 32. Kh1 Qf3+ 1/2-1/2

[Event "2015 Alberta Open"]
[Site "Edmonton"]
[Date "2015.10.11"]
[Round "4.2"]
[White "Valencia, Belsar"]
[Black "Nerubenko, Cyril"]
[Result "0-1"]
[WhiteElo "2307"]
[BlackElo "2113"]
[PlyCount "66"]
[EventDate "2015.10.10"]
[EventType "swiss"]
[EventRounds "6"]
[EventCountry "CAN"]

1. c4 e5 2. Nc3 Bb4 3. Qc2 Nc6 4. Nf3 Nf6 5. Nd5 Bc5 6. e3 d6 7. a3 a5 8. b3
Be6 9. Nxf6+ Qxf6 10. Bb2 Bf5 11. d3 g5 12. Nd2 Qe7 13. g3 Qd7 14. h4 g4 15.
Bg2 a4 16. O-O axb3 17. Nxb3 Bb6 18. Qc3 f6 19. d4 Na5 20. c5 Nxb3 21. c6 Qf7
22. cxb7 Rb8 23. Bc6+ Bd7 24. d5 Nxa1 25. Rxa1 Bxc6 26. Qxc6+ Qd7 27. Bc3 Ke7
28. a4 Bc5 29. a5 Qxc6 30. dxc6 d5 31. a6 Kd6 32. Rc1 Kxc6 33. Ba5 Kd6 0-1

[Event "2015 Alberta Open"]
[Site "Edmonton"]
[Date "2015.10.11"]
[Round "4.3"]
[White "Villavieja, Butch"]
[Black "Haynes, Nicolas"]
[Result "1-0"]
[WhiteElo "2182"]
[BlackElo "2284"]
[PlyCount "35"]
[EventDate "2015.10.10"]
[EventType "swiss"]
[EventRounds "6"]
[EventCountry "CAN"]

1. e4 c6 2. d4 d5 3. e5 Bf5 4. Nf3 e6 5. Be2 Nd7 6. O-O Bg6 7. Nbd2 Nh6 8. Nb3
Nf5 9. Bd2 a6 10. c4 dxc4 11. Bxc4 Be7 12. Bd3 Nxd4 13. Nfxd4 Bxd3 14. Ba5 b6
15. Qxd3 bxa5 16. Nxc6 Qb6 17. Nbxa5 Bb4 18. Rad1 1-0

[Event "2015 Alberta Open"]
[Site "Edmonton"]
[Date "2015.10.11"]
[Round "4.4"]
[White "Gardner, Robert"]
[Black "Sasata, Robert"]
[Result "0-1"]
[WhiteElo "2281"]
[BlackElo "2358"]
[PlyCount "104"]
[EventDate "2015.10.10"]
[EventType "swiss"]
[EventRounds "6"]
[EventCountry "CAN"]

1. d4 Nf6 2. c4 e6 3. Nc3 Bb4 4. e3 O-O 5. Nge2 c6 6. a3 Ba5 7. Ng3 d5 8. Qc2
Nbd7 9. b3 Re8 10. b4 Bc7 11. f4 a5 12. Rb1 axb4 13. axb4 Ng4 14. h3 Qh4 15.
hxg4 Qxg3+ 16. Kd2 f5 17. Be2 h6 18. Bb2 e5 19. Rh3 Qxg2 20. Rbh1 exf4 21. Qxf5
Ne5 22. Qb1 Bxg4 23. Rxh6 gxh6 24. Rxh6 Nxc4+ 25. Kc1 Re7 26. Qg6+ Rg7 27. Qf6
Re8 28. Rg6 Ree7 29. Rxg4 Ref7 30. Rxg7+ Qxg7 31. Qe6 Nd6 32. Bh5 f3 33. Bxf3
Qf6 34. Qg4+ Rg7 35. Qh3 Qf5 36. Qh1 Qg5 37. Nxd5 cxd5 38. Bxd5+ Kf8 39. Qf3+
Qf5 40. Qxf5+ Nxf5 41. e4 Bf4+ 42. Kb1 Ne3 43. Be6 Rg1+ 44. Ka2 Ke7 45. d5 b5
46. Bd4 Rg2+ 47. Kb3 Nc4 48. Bc8 Nd2+ 49. Ka3 Nxe4 50. Bb7 Rg3+ 51. Kb2 Kd6 52.
Bc6 Be5 0-1

[Event "2015 Alberta Open"]
[Site "Edmonton"]
[Date "2015.10.11"]
[Round "4.5"]
[White "Sasata, Alexander"]
[Black "Miller, David"]
[Result "0-1"]
[WhiteElo "949"]
[BlackElo "2284"]
[PlyCount "70"]
[EventDate "2015.10.10"]
[EventType "swiss"]
[EventRounds "6"]
[EventCountry "CAN"]

1. e4 a6 2. d4 b5 3. c4 Bb7 4. d5 c6 5. Nf3 bxc4 6. Bxc4 cxd5 7. Bxd5 Bxd5 8.
Qxd5 Nc6 9. O-O Nf6 10. Qc4 e6 11. Nc3 Bb4 12. e5 Bxc3 13. bxc3 Nd5 14. Qg4 Kf8
15. Ba3+ Kg8 16. c4 h5 17. Qe4 Ndb4 18. Rfd1 a5 19. Bxb4 axb4 20. Nd4 Qc7 21.
f4 Qa7 22. Kh1 Nxd4 23. Qxd4 Qxd4 24. Rxd4 b3 25. Rxd7 Kh7 26. g3 Rhb8 27. Rd2
Ra3 28. Rb2 h4 29. Kg2 Rba8 30. Kh3 hxg3 31. hxg3 g5 32. Kg4 Kg6 33. Rh1 bxa2
34. Rh5 Rxg3+ 35. Kxg3 Kxh5 0-1

[Event "2015 Alberta Open"]
[Site "Edmonton"]
[Date "2015.10.11"]
[Round "4.6"]
[White "Koperski, Dustin"]
[Black "Efemuai, Martins"]
[Result "1-0"]
[WhiteElo "1779"]
[BlackElo "2289"]
[PlyCount "23"]
[EventDate "2015.10.10"]
[EventType "swiss"]
[EventRounds "6"]
[EventCountry "CAN"]

1. e4 c5 2. d4 cxd4 3. c3 dxc3 4. Nxc3 e6 5. Nf3 a6 6. Bc4 d6 7. O-O Be7 8. Qe2
b5 9. Bb3 Nd7 10. Re1 b4 11. Na4 e5 12. Qc4 1-0

[Event "2015 Alberta Open"]
[Site "Edmonton"]
[Date "2015.10.11"]
[Round "4.7"]
[White "Yearwood, Roy"]
[Black "Dave, Bhavik"]
[Result "1-0"]
[WhiteElo "1984"]
[BlackElo "1652"]
[PlyCount "81"]
[EventDate "2015.10.10"]
[EventType "swiss"]
[EventRounds "6"]
[EventCountry "CAN"]

1. Nf3 Nf6 2. g3 d5 3. Bg2 c5 4. O-O Nc6 5. d4 cxd4 6. Nxd4 e6 7. c4 Qb6 8.
Nxc6 bxc6 9. Nc3 Bb7 10. Be3 Qc7 11. Qa4 dxc4 12. Nb5 cxb5 13. Qxb5+ Qd7 14.
Qxb7 Qxb7 15. Bxb7 Rb8 16. Bc6+ Kd8 17. Rab1 Kc7 18. Bxa7 Rd8 19. Bb5 Ra8 20.
Bd4 Rxa2 21. Rfc1 Kb8 22. Be5+ Kb7 23. Rxc4 Ra5 24. Bc6+ Kb6 25. Bd4+ Kc7 26.
b4 Ra2 27. b5 Bd6 28. Ba7 Kd8 29. b6 Ke7 30. Bf3 Nd7 31. Rbc1 Ne5 32. R4c3
Nxf3+ 33. Rxf3 f5 34. Rd3 Bb8 35. e3 Kf6 36. Bxb8 Rxb8 37. Rc6 Kf7 38. Rd7+ Kf8
39. b7 Ra1+ 40. Kg2 Ke8 41. Rxg7 1-0

[Event "2015 Alberta Open"]
[Site "Edmonton"]
[Date "2015.10.11"]
[Round "4.8"]
[White "Wang, Jeff"]
[Black "Opasiak, Dustin"]
[Result "0-1"]
[WhiteElo "1919"]
[BlackElo "1773"]
[PlyCount "54"]
[EventDate "2015.10.10"]
[EventType "swiss"]
[EventRounds "6"]
[EventCountry "CAN"]

1. e4 e6 2. d4 d5 3. Nd2 Nc6 4. Ngf3 Nf6 5. e5 Nd7 6. c3 f6 7. exf6 Qxf6 8. Bd3
Bd6 9. O-O O-O 10. Qc2 h6 11. Nb3 e5 12. dxe5 Ndxe5 13. Be2 Nxf3+ 14. Bxf3 Qe5
15. Rd1 Qxh2+ 16. Kf1 Rxf3 17. gxf3 Bh3+ 18. Ke2 Re8+ 19. Be3 Bf4 20. Rd3 Bf5
21. Kd1 Qg1+ 22. Ke2 Qg2 23. Qd1 Bxd3+ 24. Kxd3 Ne5+ 25. Ke2 Qxf3+ 26. Ke1 Qg2
27. Bxf4 Nf3# 0-1

[Event "2015 Alberta Open"]
[Site "Edmonton"]
[Date "2015.10.11"]
[Round "4.9"]
[White "Young, Joseph"]
[Black "White, Daniel"]
[Result "1-0"]
[WhiteElo "1812"]
[BlackElo "1506"]
[PlyCount "55"]
[EventDate "2015.10.10"]
[EventType "swiss"]
[EventRounds "6"]
[EventCountry "CAN"]

1. d4 g6 2. e4 Bg7 3. Nf3 d6 4. Bf4 Nf6 5. Nc3 O-O 6. h3 Nh5 7. Bh2 Nd7 8. Be2
e5 9. Qd2 Qe7 10. Nd5 Qd8 11. O-O c6 12. Nc3 exd4 13. Nxd4 Nhf6 14. Bxd6 Re8
15. Bf3 Nb6 16. e5 Nc4 17. Qf4 Nxd6 18. exd6 Be6 19. Nxc6 Qd7 20. Na5 Rab8 21.
Rfd1 Red8 22. a4 Ne8 23. Nb5 a6 24. Nc7 Nxd6 25. Nxe6 Qxe6 26. Qb4 Rd7 27. Bd5
Qe5 28. Nc6 1-0

[Event "2015 Alberta Open"]
[Site "Edmonton"]
[Date "2015.10.11"]
[Round "4.10"]
[White "Koneru, Nimai"]
[Black "Wu, Chenxi"]
[Result "1-0"]
[WhiteElo "1808"]
[BlackElo "1748"]
[PlyCount "67"]
[EventDate "2015.10.10"]
[EventType "swiss"]
[EventRounds "6"]
[EventCountry "CAN"]

1. d4 Nf6 2. c4 e6 3. Nc3 Bb4 4. Qc2 b6 5. e4 Bxc3+ 6. bxc3 O-O 7. e5 Ne8 8.
Bd3 h6 9. Nf3 d6 10. O-O Bb7 11. Be4 c6 12. Bf4 f5 13. Bd3 Kh8 14. Rfe1 g5 15.
Bc1 c5 16. Qe2 d5 17. cxd5 Qxd5 18. c4 Qc6 19. d5 exd5 20. e6 Nd6 21. Qe5+ Kh7
22. e7 Re8 23. Bxg5 Nd7 24. Bxf5+ Nxf5 25. Qxf5+ Qg6 26. Qxd7 Bc6 27. Qe6 hxg5
28. Qxg6+ Kxg6 29. Re6+ Kf5 30. Rxc6 dxc4 31. Re1 c3 32. Re5+ Kg4 33. h3+ Kf4
34. Rf6# 1-0

[Event "2015 Alberta Open"]
[Site "Edmonton"]
[Date "2015.10.11"]
[Round "4.11"]
[White "Pua, Richard"]
[Black "Sasata, Anastasia"]
[Result "1-0"]
[WhiteElo "1931"]
[BlackElo "937"]
[PlyCount "43"]
[EventDate "2015.10.10"]
[EventType "swiss"]
[EventRounds "6"]
[EventCountry "CAN"]

1. e4 e5 2. Nf3 Nc6 3. Bc4 Nf6 4. d4 d6 5. Ng5 d5 6. exd5 Nxd5 7. dxe5 Be6 8.
Nf3 Bc5 9. O-O O-O 10. Bg5 Qe8 11. Bxd5 Bxd5 12. Qxd5 b6 13. c3 Qe6 14. Qxe6
fxe6 15. b4 Be7 16. Bxe7 Nxe7 17. Na3 Rad8 18. Rad1 Rxd1 19. Rxd1 a6 20. Nc2
Nf5 21. Ne3 Nxe3 22. fxe3 1-0

[Event "2015 Alberta Open"]
[Site "Edmonton"]
[Date "2015.10.12"]
[Round "5.1"]
[White "Nerubenko, Cyril"]
[Black "Haessel, Dale"]
[Result "0-1"]
[WhiteElo "2113"]
[BlackElo "2280"]
[PlyCount "74"]
[EventDate "2015.10.10"]
[EventType "swiss"]
[EventRounds "6"]
[EventCountry "CAN"]

1. e4 e5 2. Bb5 Nf6 3. d4 Nxe4 4. Qe2 Nd6 5. Qxe5+ Be7 6. Bd3 O-O 7. c3 Re8 8.
Ne2 Bf6 9. Qg3 Ne4 10. Qf3 d5 11. Nd2 Ng5 12. Qf4 c5 13. Nf3 Ne6 14. Qg3 cxd4
15. cxd4 Nxd4 16. Nfxd4 Bxd4 17. Bxh7+ Kxh7 18. Qd3+ Kg8 19. Qxd4 Qe7 20. Be3
Nc6 21. Qd2 Bg4 22. Nd4 Qf6 23. O-O Qg6 24. f3 Ne5 25. fxg4 Nc4 26. Qc2 Nxe3
27. Qxg6 fxg6 28. Rf4 g5 29. Rf3 Nxg4 30. Nb5 Re2 31. Rf5 Ne3 32. Rxg5 Rxb2 33.
Nc7 Rf8 34. Ne6 Rxa2 35. Re1 Re2 36. Rb1 Rf7 37. Rc1 Nc2 0-1

[Event "2015 Alberta Open"]
[Site "Edmonton"]
[Date "2015.10.12"]
[Round "5.2"]
[White "Zeggelaar, Mike"]
[Black "Sasata, Robert"]
[Result "0-1"]
[WhiteElo "1977"]
[BlackElo "2358"]
[PlyCount "40"]
[EventDate "2015.10.10"]
[EventType "swiss"]
[EventRounds "6"]
[EventCountry "CAN"]

1. e4 e5 2. Nf3 Nc6 3. Bc4 Nf6 4. d4 exd4 5. e5 d5 6. exf6 dxc4 7. O-O Qxf6 8.
Bg5 Qg6 9. Re1+ Be6 10. Nbd2 Bb4 11. c3 dxc3 12. bxc3 Bxc3 13. Rc1 Bxd2 14.
Qxd2 O-O 15. Nh4 Qd3 16. Qf4 Qd6 17. Qf3 Ne5 18. Qe4 Nd3 19. Rcd1 Qc5 20. Be3
Qh5 0-1

[Event "2015 Alberta Open"]
[Site "Edmonton"]
[Date "2015.10.12"]
[Round "5.3"]
[White "Miller, David"]
[Black "Villavieja, Butch"]
[Result "1-0"]
[WhiteElo "2284"]
[BlackElo "2182"]
[PlyCount "41"]
[EventDate "2015.10.10"]
[EventType "swiss"]
[EventRounds "6"]
[EventCountry "CAN"]

1. e4 c5 2. Nf3 d6 3. d4 cxd4 4. Nxd4 Nf6 5. Nc3 a6 6. Bg5 e6 7. f4 Nbd7 8. Qf3
Qc7 9. O-O-O Be7 10. Bd3 b5 11. Rhe1 h6 12. e5 Bb7 13. Qh3 dxe5 14. Nxe6 fxe6
15. Bg6+ Kd8 16. Bxf6 gxf6 17. Qxe6 Bc6 18. fxe5 fxe5 19. Rxe5 Bg5+ 20. Kb1 Kc8
21. Rc5 1-0

[Event "2015 Alberta Open"]
[Site "Edmonton"]
[Date "2015.10.12"]
[Round "5.4"]
[White "Opasiak, Dustin"]
[Black "Valencia, Belsar"]
[Result "0-1"]
[WhiteElo "1773"]
[BlackElo "2307"]
[PlyCount "50"]
[EventDate "2015.10.10"]
[EventType "swiss"]
[EventRounds "6"]
[EventCountry "CAN"]

1. e4 c5 2. Nf3 e6 3. d3 d5 4. Nbd2 Bd6 5. g3 Nc6 6. Bg2 Nge7 7. O-O O-O 8. Re1
Bd7 9. e5 Bc7 10. Nb3 b6 11. c3 a5 12. d4 a4 13. Nbd2 cxd4 14. cxd4 f6 15. exf6
Rxf6 16. Nf1 h6 17. Ne3 Nf5 18. Nxf5 Rxf5 19. g4 Rf8 20. Ne5 Nxe5 21. dxe5 b5
22. Bxd5 exd5 23. Qxd5+ Kh8 24. e6 Qh4 25. Qg2 Bc6 0-1

[Event "2015 Alberta Open"]
[Site "Edmonton"]
[Date "2015.10.12"]
[Round "5.6"]
[White "Briones, Dante"]
[Black "Koperski, Dustin"]
[Result "1-0"]
[WhiteElo "1988"]
[BlackElo "1779"]
[PlyCount "83"]
[EventDate "2015.10.10"]
[EventType "swiss"]
[EventRounds "6"]
[EventCountry "CAN"]

1. e4 c5 2. Nf3 g6 3. d4 cxd4 4. Nxd4 Nc6 5. Nxc6 bxc6 6. Qd4 Qa5+ 7. Bd2 e5 8.
Qc4 Qb6 9. Nc3 a5 10. Na4 Qd4 11. Qxd4 exd4 12. Nb6 Rb8 13. Nxc8 Rxc8 14. Bxa5
Bg7 15. Bd3 Ne7 16. O-O O-O 17. b4 d5 18. f3 f5 19. exf5 Nxf5 20. Bb6 Ne3 21.
Rfe1 Nc4 22. Bc5 Rfe8 23. a4 Nb2 24. Rxe8+ Rxe8 25. Kf1 Ra8 26. a5 Nxd3 27.
cxd3 Kf7 28. Rb1 Be5 29. Re1 Bf6 30. g4 h6 31. f4 Bd8 32. Kg2 Bf6 33. Kf3 Bd8
34. f5 gxf5 35. gxf5 Bf6 36. Re6 Ra6 37. Kg4 Bd8 38. Kh5 Bf6 39. h4 Bd8 40.
Rxh6 Bf6 41. Rh7+ Bg7 42. f6 1-0

[Event "2015 Alberta Open"]
[Site "Edmonton"]
[Date "2015.10.12"]
[Round "5.7"]
[White "Koneru, Nimai"]
[Black "Young, Joseph"]
[Result "1-0"]
[WhiteElo "1808"]
[BlackElo "1812"]
[PlyCount "77"]
[EventDate "2015.10.10"]
[EventType "swiss"]
[EventRounds "6"]
[EventCountry "CAN"]

1. d4 d5 2. c4 c6 3. Nc3 Nf6 4. Bg5 e6 5. cxd5 exd5 6. e3 Bf5 7. Bd3 Bxd3 8.
Qxd3 Nbd7 9. Nf3 Bb4 10. O-O Qa5 11. Rfc1 O-O 12. a3 Bxc3 13. Rxc3 Ne4 14. b4
Qa4 15. Rb3 h6 16. Bh4 a5 17. bxa5 Qxa5 18. Rxb7 Ndc5 19. dxc5 Nxc5 20. Qb1
Nxb7 21. Qxb7 Qa4 22. Nd4 Rfb8 23. Qxc6 Qxa3 24. Rf1 Qa2 25. Nf5 Rb1 26. Qxa8+
Qxa8 27. Rxb1 d4 28. Nxd4 Qe4 29. Rb8+ Kh7 30. Bg3 Qd3 31. h3 Qd1+ 32. Kh2 Qd3
33. Rb7 Kg8 34. Rc7 Qe4 35. Nb5 h5 36. Nd6 Qd5 37. Nxf7 h4 38. Bxh4 Qh5 39. Bg3
1-0

[Event "2015 Alberta Open"]
[Site "Edmonton"]
[Date "2015.10.12"]
[Round "5.8"]
[White "Wang, Jeff"]
[Black "Sasata, Alexander"]
[Result "1/2-1/2"]
[WhiteElo "1919"]
[BlackElo "949"]
[PlyCount "44"]
[EventDate "2015.10.10"]
[EventType "swiss"]
[EventRounds "6"]
[EventCountry "CAN"]

1. e4 e5 2. Nf3 Nc6 3. Bc4 Nf6 4. d3 Bc5 5. O-O d6 6. h3 O-O 7. c3 Be6 8. Bxe6
fxe6 9. d4 exd4 10. cxd4 Bb4 11. a3 Ba5 12. b4 Bb6 13. Re1 e5 14. Bb2 Nh5 15.
b5 Nxd4 16. Nxd4 Qh4 17. Qd2 exd4 18. Bxd4 Bxd4 19. Qxd4 Rf4 20. Nc3 Raf8 21.
Ra2 Kh8 22. Rae2 c6 1/2-1/2

[Event "2015 Alberta Open"]
[Site "Edmonton"]
[Date "2015.10.12"]
[Round "5.9"]
[White "Dave, Bhavik"]
[Black "McKay, Arnold"]
[Result "1-0"]
[WhiteElo "1652"]
[BlackElo "1868"]
[PlyCount "95"]
[EventDate "2015.10.10"]
[EventType "swiss"]
[EventRounds "6"]
[EventCountry "CAN"]

1. d4 Nf6 2. c4 e6 3. Nc3 Bb4 4. Qc2 O-O 5. a3 Be7 6. e4 d6 7. Bd3 e5 8. d5 a5
9. h3 Nbd7 10. Nge2 Nc5 11. O-O Nxd3 12. Qxd3 Bd7 13. f4 exf4 14. Bxf4 Nh5 15.
Bh2 Bh4 16. Nf4 Nf6 17. Qf3 Ra6 18. e5 dxe5 19. Nd3 e4 20. Nxe4 Nxe4 21. Qxe4
Qg5 22. Bf4 Qh5 23. Nc5 Bf5 24. Qf3 Qxf3 25. Rxf3 Rf6 26. Bxc7 b6 27. Bxb6 Rxb6
28. Rxf5 Rxb2 29. Nd3 Rd2 30. Rf3 Re8 31. g3 Bf6 32. Re1 Bd4+ 33. Kf1 Rb8 34.
d6 Kf8 35. Rc1 Rh2 36. Ke1 Re8+ 37. Kd1 Ree2 38. c5 Reg2 39. Rb1 Rh1+ 40. Ne1
Ke8 41. c6 f6 42. d7+ Ke7 43. Rd3 Rgg1 44. Rxd4 Rxe1+ 45. Kd2 Rxb1 46. d8=Q+
Kf7 47. Qd5+ Kg6 48. Qxh1 1-0

[Event "2015 Alberta Open"]
[Site "Edmonton"]
[Date "2015.10.12"]
[Round "5.10"]
[White "Wu, Chenxi"]
[Black "Hughey, Leah"]
[Result "1/2-1/2"]
[WhiteElo "1748"]
[BlackElo "1765"]
[PlyCount "138"]
[EventDate "2015.10.10"]
[EventType "swiss"]
[EventRounds "6"]
[EventCountry "CAN"]

1. e4 e6 2. d4 d5 3. e5 c5 4. c3 Nc6 5. Nf3 Qb6 6. Bd3 Bd7 7. O-O cxd4 8. cxd4
Nxd4 9. Nbd2 Nxf3+ 10. Nxf3 Bb5 11. Ng5 Bxd3 12. Qxd3 h6 13. Be3 Bc5 14. Bxc5
Qxc5 15. Rac1 Qb6 16. Qh3 Ne7 17. Qh5 Ng6 18. Nxf7 Kxf7 19. Rc3 Qxb2 20. Rc7+
Kg8 21. Qxg6 Qxe5 22. Rfc1 Rf8 23. Rc8 Qf6 24. Rxf8+ Qxf8 25. Qxe6+ Kh7 26.
Qxd5 Qe7 27. g3 Rd8 28. Qa5 b6 29. Qf5+ Kh8 30. Qg6 Qb7 31. Re1 Qd5 32. Re7 Qg8
33. Rxa7 Rd1+ 34. Kg2 Qd5+ 35. Kh3 Qg8 36. Qxb6 Qc8+ 37. Kg2 Qc4 38. Qb3 Qf1+
39. Kf3 Rd3+ 40. Qxd3 Qxd3+ 41. Kg2 Qd4 42. Ra3 Kh7 43. Rf3 Qd5 44. a3 Kg6 45.
h3 h5 46. a4 Qa8 47. h4 Qxa4 48. Rf4 Qc6+ 49. Kg1 Qd6 50. Kg2 Qe5 51. Kf3 Qd5+
52. Ke3 Kh6 53. Ke2 Qb5+ 54. Kf3 Qd3+ 55. Kg2 Kg6 56. Kg1 Qd1+ 57. Kg2 Kh6 58.
Rf5 Qe1 59. Rf4 Qe2 60. Kg1 g6 61. Kg2 Qd1 62. Rf6 Kg7 63. Rf4 Qe1 64. Kf3 Kh6
65. Kg2 g5 66. hxg5+ Kxg5 67. Rh4 Qd2 68. Rf4 Qd6 69. Rh4 Qd2 1/2-1/2

[Event "2015 Alberta Open"]
[Site "Edmonton"]
[Date "2015.10.12"]
[Round "5.11"]
[White "White, Daniel"]
[Black "Mo, Michelle"]
[Result "1-0"]
[WhiteElo "1506"]
[BlackElo "1571"]
[PlyCount "145"]
[EventDate "2015.10.10"]
[EventType "swiss"]
[EventRounds "6"]
[EventCountry "CAN"]

1. Nf3 Nc6 2. c4 e5 3. Nc3 Nf6 4. e4 Bc5 5. h3 O-O 6. d3 h6 7. Be2 d6 8. a3 a6
9. O-O Bd7 10. b4 Bd4 11. Nxd4 Nxd4 12. Be3 Ne6 13. Nd5 Nxd5 14. cxd5 Ng5 15.
Bg4 Bb5 16. a4 Bd7 17. Bxd7 Qxd7 18. Bxg5 hxg5 19. Qd2 f6 20. d4 c6 21. dxc6
Qxc6 22. d5 Qd7 23. Rfc1 Rac8 24. Qd1 Kh7 25. Qg4 Qxg4 26. hxg4 Kg6 27. f3 Kf7
28. Kf2 Ke7 29. Ke2 Kd7 30. Kd2 Rh8 31. Rxc8 Kxc8 32. Ke2 Rh7 33. b5 a5 34. b6
Rh2 35. Kf2 Rh8 36. Rc1+ Kd7 37. Rc7+ Kd8 38. Rxb7 Kc8 39. Rxg7 Rd8 40. Ke3 Kb8
41. b7 Ka7 42. Kd3 Kb6 43. Kc4 Rb8 44. Rd7 Ka6 45. Rc7 Kb6 46. Rc6+ Kxb7 47.
Rxd6 Kc7 48. Rc6+ Kd7 49. Kc5 Ke7 50. Rb6 Rc8+ 51. Rc6 Rb8 52. Ra6 Rc8+ 53. Kb5
Rb8+ 54. Kxa5 Kd7 55. Rxf6 Ke7 56. Rf5 Kd6 57. Rxg5 Kc5 58. Ka6 Kb4 59. Rxe5
Kxa4 60. d6 Rc8 61. d7 Rc6+ 62. Kb7 Rd6 63. Rd5 Rxd7+ 64. Rxd7 Kb5 65. g5 Kc5
66. g6 Kb4 67. g7 Kc5 68. g8=Q Kb5 69. Qc8 Ka5 70. Kc7 Kb5 71. Kd8 Kb6 72. Rb7+
Ka6 73. Qa8# 1-0

[Event "2015 Alberta Open"]
[Site "Edmonton"]
[Date "2015.10.12"]
[Round "6.1"]
[White "Haessel, Dale"]
[Black "Miller, David"]
[Result "1/2-1/2"]
[WhiteElo "2280"]
[BlackElo "2284"]
[PlyCount "96"]
[EventDate "2015.10.10"]
[EventType "swiss"]
[EventRounds "6"]
[EventCountry "CAN"]

1. d4 Nf6 2. c4 d6 3. Nc3 e5 4. dxe5 dxe5 5. Qxd8+ Kxd8 6. Nf3 Nfd7 7. b3 c6 8.
Bb2 f6 9. O-O-O Kc7 10. e3 a5 11. Bd3 Nc5 12. Bc2 a4 13. Ne4 Nba6 14. Bc3 Ne6
15. Rd2 Nb4 16. Bb1 axb3 17. axb3 Nc5 18. Nxc5 Bxc5 19. Ne1 Be6 20. Nd3 Nxd3+
21. Bxd3 Ra3 22. Kc2 b5 23. Ra1 Rxa1 24. Bxa1 e4 25. Bxe4 bxc4 26. bxc4 Bxc4
27. Bd4 Bb4 28. Bc3 Bxc3 29. Kxc3 Be6 30. h4 f5 31. Bc2 Ra8 32. g3 c5 33. e4
Ra3+ 34. Kb2 Ra2+ 35. Kc1 Ra1+ 36. Kb2 Ra2+ 37. Kc3 fxe4 38. Bxe4 Rxd2 39. Kxd2
h6 40. Kc3 Kd6 41. f4 Bd5 42. Bc2 Bf3 43. Bb3 Bg4 44. Bc4 Be6 45. Bd3 Bd5 46.
g4 Bf3 47. g5 hxg5 48. hxg5 Bd5 1/2-1/2

[Event "2015 Alberta Open"]
[Site "Edmonton"]
[Date "2015.10.12"]
[Round "6.4"]
[White "Nerubenko, Cyril"]
[Black "Briones, Dante"]
[Result "1/2-1/2"]
[WhiteElo "2113"]
[BlackElo "1988"]
[PlyCount "33"]
[EventDate "2015.10.10"]
[EventType "swiss"]
[EventRounds "6"]
[EventCountry "CAN"]

1. e4 e6 2. d4 d5 3. Nd2 dxe4 4. Nxe4 Nf6 5. Nxf6+ Qxf6 6. Nf3 h6 7. Bd3 Bd6 8.
Qe2 Qe7 9. Ne5 a6 10. Qg4 Bxe5 11. dxe5 g6 12. f4 Bd7 13. h4 h5 14. Qe2 Bc6 15.
Bd2 Nd7 16. a3 Nc5 17. Bb4 1/2-1/2

[Event "2015 Alberta Open"]
[Site "Edmonton"]
[Date "2015.10.12"]
[Round "6.5"]
[White "Villavieja, Butch"]
[Black "Koneru, Nimai"]
[Result "1/2-1/2"]
[WhiteElo "2182"]
[BlackElo "1808"]
[PlyCount "175"]
[EventDate "2015.10.10"]
[EventType "swiss"]
[EventRounds "6"]
[EventCountry "CAN"]

1. e4 c6 2. d4 d5 3. exd5 cxd5 4. c4 Nf6 5. Nc3 Nc6 6. Bf4 dxc4 7. d5 e5 8. Bg3
Nb4 9. Bxc4 Bf5 10. Rc1 Rc8 11. Bb5+ Bd7 12. Be2 Bf5 13. Bxe5 Nfxd5 14. Bb5+
Bd7 15. Bxd7+ Qxd7 16. Nge2 Nxc3 17. Qxd7+ Kxd7 18. Rxc3 Rxc3 19. Bxc3 Nd5 20.
O-O Nxc3 21. Nxc3 Bb4 22. Rd1+ Kc6 23. Ne2 Re8 24. Kf1 Re7 25. Nd4+ Kb6 26. a3
Bc5 27. Nb3 Kc6 28. Rc1 b6 29. Nd4+ Kb7 30. Nb3 Kc6 31. Nd2 Kd5 32. Nf3 a5 33.
Rc2 f6 34. Nd2 Re5 35. Nc4 Re4 36. Nd2 Re5 37. g3 h6 38. Nf3 Re7 39. Nh4 Re5
40. Ng6 Re4 41. Nf4+ Kd6 42. Kg2 g5 43. Ne2 f5 44. Nc3 Re7 45. Nb5+ Kd5 46. b3
Re1 47. h3 Ra1 48. a4 Re1 49. Kf3 Rh1 50. Kg2 Re1 51. Rd2+ Kc6 52. Na7+ Kc7 53.
Rd5 Rb1 54. Rd3 Rb2 55. Rf3 g4 56. Rxf5 gxh3+ 57. Kxh3 Rxf2 58. Rh5 Rf3 59.
Rxh6 Rxb3 60. Nb5+ Kd7 61. Rh4 Rb4 62. Rf4 Rxf4 63. gxf4 Ke6 64. Kg4 Kd5 65. f5
Kc4 66. f6 Kb3 67. Nc7 Kxa4 68. Kf5 Kb3 69. Ke6 a4 70. Na6 Ba3 71. Kd5 Bf8 72.
Nc7 a3 73. Ne6 a2 74. Nxf8 a1=Q 75. Nd7 Qd1+ 76. Ke6 Qg4+ 77. Ke7 Qe4+ 78. Kd6
Qd4+ 79. Ke7 Qb4+ 80. Ke6 b5 81. f7 Qc4+ 82. Ke7 Qh4+ 83. Ke6 Qd8 84. f8=Q Qxf8
85. Nxf8 b4 86. Nd7 Kc4 87. Nb6+ Kd3 88. Kd5 1/2-1/2

[Event "2015 Alberta Open"]
[Site "Edmonton"]
[Date "2015.10.12"]
[Round "6.6"]
[White "Opasiak, Dustin"]
[Black "Yearwood, Roy"]
[Result "0-1"]
[WhiteElo "1773"]
[BlackElo "1984"]
[PlyCount "54"]
[EventDate "2015.10.10"]
[EventType "swiss"]
[EventRounds "6"]
[EventCountry "CAN"]

1. e4 d6 2. Nf3 c5 3. Bb5+ Nc6 4. O-O e5 5. Bxc6+ bxc6 6. c4 Nf6 7. d3 Be7 8.
h3 O-O 9. Qa4 Bd7 10. Bd2 Nh5 11. Nc3 f5 12. Kh2 Kh8 13. Qd1 Nf6 14. Qe2 f4 15.
Rad1 Ne8 16. Rh1 Nc7 17. Qf1 Qe8 18. Ne2 Qh5 19. Neg1 g5 20. Qe2 g4 21. Ne1 Rg8
22. g3 Raf8 23. gxf4 exf4 24. Bc3+ Bf6 25. Bxf6+ Rxf6 26. f3 Qh4 27. Ng2 g3#
0-1

[Event "2015 Alberta Open"]
[Site "Edmonton"]
[Date "2015.10.12"]
[Round "6.7"]
[White "Hughey, Leah"]
[Black "Koperski, Dustin"]
[Result "1/2-1/2"]
[WhiteElo "1765"]
[BlackElo "1779"]
[PlyCount "65"]
[EventDate "2015.10.10"]
[EventType "swiss"]
[EventRounds "6"]
[EventCountry "CAN"]

1. c4 c5 2. g3 Nc6 3. Bg2 g6 4. Nf3 Bg7 5. Nc3 e5 6. d3 Nge7 7. Be3 d6 8. Qd2
O-O 9. Bh6 Be6 10. Bxg7 Kxg7 11. Ng5 d5 12. O-O-O d4 13. Nxe6+ fxe6 14. Ne4 Qd7
15. Nxc5 Qc8 16. Bh3 Nd8 17. Ne4 b5 18. Nd6 Qa6 19. Nxb5 Qxa2 20. Nc7 Qa1+ 21.
Kc2 Qa4+ 22. Kb1 Rb8 23. Qc2 Rb3 24. Nxe6+ Nxe6 25. Bxe6 Rfb8 26. c5 Rxb2+ 27.
Qxb2 Rxb2+ 28. Kxb2 Qb4+ 29. Bb3 Qc3+ 30. Ka2 Qa5+ 31. Kb2 Qc3+ 32. Ka2 Qa5+
33. Kb2 1/2-1/2